000 00648nam a22002057a 4500
999 _c8318
_d8318
001 8318
003 BD-JhCC
005 20180222093109.0
008 180222b1999 bg ||||| |||| 00| 0 ben d
035 _a(BD-JhCC)8318
040 _aBD-JhCC
_dBD-JhCC
041 _aben
082 _a540.72
_bMIA 1999
100 _aমিয়া, মোঃ নূরুল হক
245 _aউচ্চ মাধ্যমিক রসায়ন ব্যবহারিক (১ম ও ২য়পত্র) /
_c মোঃ নূরুল হক মিয়া
300 _a171 p. :
_c22 cm.
650 _aChemstry
942 _2ddc
_cBK